000 00591nam a2200229Ia 4500
003 OSt
005 20220918194947.0
006 a|||||r|||| 00| 0
007 ta
008 220917b |||||||| |||| 00| 0 eng d
024 _a82,684
037 _cTextual
040 _aARTS
_cARTS
_beng
041 _2eng
_aeng
082 _aS1:72:6, L5
100 _aBroman Sarah H
_988181
245 0 _aPreschool I Q prenatal and early developmental correlates
260 _c1975
650 _aPSYCHOLOGY
942 _hS1:72:6, L5
_cTEXL
_2CC
999 _c206402
_d206402